"Ein Wort, das rettet" (EN 15): Dank an Karl Heinz Ladenhauf
| Main Author: | |
|---|---|
| Format: | Print Article |
| Language: | German |
| Check availability: | HBZ Gateway |
| Interlibrary Loan: | Interlibrary Loan for the Fachinformationsdienste (Specialized Information Services in Germany) |
| Published: |
2010
|
| In: |
Räume des Aufatmens
Year: 2010, Pages: 1-6 |
| Standardized Subjects / Keyword chains: | B
Ladenhauf, Karl Heinz 1947-
/ Karl-Franzens-Universität Graz, Theological faculty
/ Pastoral psychology
/ Catholic theology
|
| IxTheo Classification: | FB Theological education KBB German language area KDB Roman Catholic Church RG Pastoral care |
MARC
| LEADER | 00000caa a22000002c 4500 | ||
|---|---|---|---|
| 001 | 1536982903 | ||
| 003 | DE-627 | ||
| 005 | 20220614103924.0 | ||
| 007 | tu | ||
| 008 | 160405s2010 xx ||||| 00| ||ger c | ||
| 020 | |a 9783643502001 | ||
| 035 | |a (DE-627)1536982903 | ||
| 035 | |a (DE-576)466982909 | ||
| 035 | |a (DE-599)BSZ466982909 | ||
| 040 | |a DE-627 |b ger |c DE-627 |e rakwb | ||
| 041 | |a ger | ||
| 084 | |a 1 |2 ssgn | ||
| 100 | 1 | |0 (DE-588)129539864 |0 (DE-627)472301098 |0 (DE-576)16410593X |4 aut |a Bucher, Rainer |d 1956- | |
| 109 | |a Bucher, Rainer 1956- |a Bucher, Rainer M. 1956- | ||
| 245 | 1 | 5 | |a "Ein Wort, das rettet" (EN 15) |b Dank an Karl Heinz Ladenhauf |
| 264 | 1 | |c 2010 | |
| 336 | |a Text |b txt |2 rdacontent | ||
| 337 | |a ohne Hilfsmittel zu benutzen |b n |2 rdamedia | ||
| 338 | |a Band |b nc |2 rdacarrier | ||
| 652 | |a FB:KBB:KDB:RG | ||
| 689 | 0 | 0 | |d p |0 (DE-588)133555984 |0 (DE-627)548190690 |0 (DE-576)299929116 |2 gnd |a Ladenhauf, Karl Heinz |d 1947- |
| 689 | 0 | 1 | |d b |0 (DE-588)81305-9 |0 (DE-627)101598076 |0 (DE-576)190507969 |2 gnd |a Karl-Franzens-Universität Graz |b Theologische Fakultät |
| 689 | 0 | 2 | |d s |0 (DE-588)4044864-2 |0 (DE-627)104536004 |0 (DE-576)209062649 |2 gnd |a Pastoralpsychologie |
| 689 | 0 | 3 | |d s |0 (DE-588)4030005-5 |0 (DE-627)104452250 |0 (DE-576)208985212 |2 gnd |a Katholische Theologie |
| 689 | 0 | |5 (DE-627) | |
| 773 | 0 | 8 | |i In |t Räume des Aufatmens |d Wien : Lit, 2010 |g (2010), Seite 1-6 |h VIII, 638 S. |w (DE-627)1405609575 |w (DE-576)335609570 |z 9783643502001 |7 nnam |
| 773 | 1 | 8 | |g year:2010 |g pages:1-6 |
| 935 | |a mteo | ||
| 951 | |a AR | ||
| ELC | |b 1 | ||
| ITA | |a 1 |t 1 | ||
| LOK | |0 000 xxxxxcx a22 zn 4500 | ||
| LOK | |0 001 2916366911 | ||
| LOK | |0 003 DE-627 | ||
| LOK | |0 004 1536982903 | ||
| LOK | |0 005 20160405152554 | ||
| LOK | |0 008 160404||||||||||||||||ger||||||| | ||
| LOK | |0 040 |a DE-Tue135 |c DE-627 |d DE-Tue135 | ||
| LOK | |0 092 |o n | ||
| LOK | |0 852 |a DE-Tue135 | ||
| LOK | |0 852 1 |9 00 | ||
| LOK | |0 935 |a ixfe |a ixmi | ||
| LOK | |0 936ln |0 1442053194 |a RG | ||
| LOK | |0 936ln |0 1442049839 |a KDB | ||
| LOK | |0 936ln |0 1442044721 |a KBB | ||
| LOK | |0 936ln |0 1442044047 |a FB | ||
| LOK | |0 939 |a 04-04-16 |b l01 | ||
| ORI | |a SA-MARC-ixtheoa001.raw | ||
| STA | 0 | 0 | |a Catholic theology,Pastoral psychology |
| STB | 0 | 0 | |a Psychologie pastorale,Théologie catholique |
| STC | 0 | 0 | |a Psicología pastoral,Teología católica |
| STD | 0 | 0 | |a Psicologia pastorale,Teologia cattolica |
| STE | 0 | 0 | |a 天主教神学,教牧心理学 |
| STF | 0 | 0 | |a 天主教神學,教牧心理學 |
| STG | 0 | 0 | |a Psicologia pastoral,Teologia católica |
| STH | 0 | 0 | |a Католическое богословие,Пасторская психология |
| STI | 0 | 0 | |a Καθολική θεολογία,Ποιμαντική ψυχολογία |
| SYG | 0 | 0 | |a Ladenhauf, Karl,1947- , Karl-Franzens-Universität Graz,Faculty of Theology,Universität Graz,Theologische Fakultät,Universität Graz,Faculty of Theology,Theologische Fakultät,Faculty of Theology,Grazer Theologische Fakultät,Theologische Fakultät in Graz |